Hidden Struggles of Women Health Workers/ (Record no. 214832)

MARC details
000 -LEADER
fixed length control field 00609nam a22001937a 4500
005 - DATE AND TIME OF LATEST TRANSACTION
control field 20260212120221.0
010 ## - LCCN (DPL NO)
LC control number ENG-147825
020 ## - INTERNATIONAL STANDARD BOOK NUMBER
International Standard Book Number 9789391657826
Terms of availability 795.00
035 ## - SYSTEM CONTROL NUMBER
System control number EN-131357
037 ## - SOURCE OF ACQUISITION
Source of stock number/acquisition DBAD
082 ## - DEWEY DECIMAL CLASSIFICATION NUMBER
Classification number 396.960
Edition number 1
100 ## - MAIN ENTRY--PERSONAL NAME
Personal name Bhasingala Ramadevi
245 ## - TITLE STATEMENT
Title Hidden Struggles of Women Health Workers/
Statement of responsibility, etc Bhasingala Ramadevi
250 ## - EDITION STATEMENT
Edition statement 1
260 ## - PUBLICATION, DISTRIBUTION, ETC. (IMPRINT)
Place of publication, distribution, etc New Delhi
Name of publisher, distributor, etc Aryan Publication
Date of publication, distribution, etc 2024
270 ## - ADDRESS
Address 110,Gali no.4, Harphool Vihar,Bapraula
City New Delhi
Postal code 110043
Electronic mail address aryanpublication@gmail.com
300 ## - PHYSICAL DESCRIPTION
Extent 194p.
Dimensions 22cm(hb)
942 ## - ADDED ENTRY ELEMENTS (KOHA)
Source of classification or shelving scheme Dewey Decimal Classification
Item type English Books
Classification part 363.960
Call number suffix BHA
Holdings
Withdrawn status Lost status Not for loan Collection code Home library Current library Date acquired Source of acquisition Cost, normal purchase price Full call number Barcode Copy number Cost, replacement price Koha item type
      Non-fiction Patel Nagar Patel Nagar 12/02/2026 Delivery of Books Act Division 795.00 363.960 BHA EN-131357 1 795.00 English Books

© Delhi Public Library
Hit Counter
free hit counter